00221nam a22000977a 4500082001200000100001100012245003700023260003000060300000800090650002500098 a291 MAS aMash Y aA Comparative Study of Religions aDelhibMotilal Banarsidas a200 aComparative Religion